[Event "Foment Martinenc op-B 23rd"]
[Site "Barcelona"]
[Date "2023.06.03"]
[Round "7"]
[White "Caro Martinez, Ramon"]
[Black "Olvera Anton, Alejandro"]
[Result "1-0"]
[WhiteElo "1674"]
[BlackElo "1864"]
[PlyCount "79"]
[EventDate "2023.04.22"]
[EventType "swiss"]
[EventRounds "9"]
[EventCountry "ESP"]
[SourceTitle "EXT 2024"]
[Source "ChessBase"]
[SourceDate "2023.10.10"]
[SourceVersion "1"]
[SourceVersionDate "2023.10.10"]
[SourceQuality "1"]

1. d4 f5 2. c4 g6 3. Nc3 Bg7 4. Bg5 Nf6 5. Nf3 d6 6. d5 0-0 7. Nd4 Na6 8. e3 Qe8 9. Be2 Bd7 10. 0-0 h6 11. Bxf6 Bxf6 12. f4 c6 13. e4 c5 14. Ne6 Bxe6 15. dxe6 Bd4+ 16. Kh1 Rf6 17. exf5 gxf5 18. Bh5 Qf8 19. Bf7+ Rxf7 20. exf7+ Qxf7 21. Qd3 Nb4 22. Qf3 e6 23. a3 Nc6 24. Rab1 a6 25. Ne2 Bf6 26. Rfd1 Rd8 27. Rd3 e5 28. Qh3 e4 29. Rg3+ Kf8 30. Qxf5 Re8 31. Rg6 Re6 32. Rxh6 Ne7 33. Qh3 e3 34. b4 Ng8 35. Rh7 Bg7 36. bxc5 dxc5 37. Rd1 Ke7 38. Qg4 Nf6 39. Qg5 b6 40. Rxg7 1-0

[Event "Foment Martinenc op-B 23rd"]
[Site "Barcelona"]
[Date "2023.05.27"]
[Round "6"]
[White "Grammatico, Mauro"]
[Black "Caro Martinez, Ramon"]
[Result "0-1"]
[WhiteElo "1657"]
[BlackElo "1674"]
[PlyCount "72"]
[EventDate "2023.04.22"]
[EventType "swiss"]
[EventRounds "9"]
[EventCountry "ESP"]
[SourceTitle "EXT 2024"]
[Source "ChessBase"]
[SourceDate "2023.10.10"]
[SourceVersion "1"]
[SourceVersionDate "2023.10.10"]
[SourceQuality "1"]

1. e4 c6 2. d4 d5 3. e5 c5 4. Bb5+ Nc6 5. c3 cxd4 6. cxd4 Qb6 7. Nc3 e6 8. Nge2 Bd7 9. Ba4 Nge7 10. Bc2 Ng6 11. a3 Be7 12. 0-0 Rc8 13. Kh1 0-0 14. f4 f5 15. exf6 Rxf6 16. f5 Rcf8 17. Bg5 R6f7 18. Bxe7 Ngxe7 19. Na4 Qd8 20. Ng3 b6 21. fxe6 Rxf1+ 22. Nxf1 Bxe6 23. Ng3 Nf5 24. Nxf5 Bxf5 25. Bxf5 Rxf5 26. Rc1 Qf6 27. h3 h6 28. Qd3 Rf4 29. Nc3 Rxd4 30. Nxd5 Qe5 31. Qc3 Qxd5 32. Qxc6 Rd1+ 33. Kh2 Qe5+ 34. g3 Qe2+ 35. Qg2 Qxg2+ 36. Kxg2 Rxc1 0-1

[Event "Foment Martinenc op-B 23rd"]
[Site "Barcelona"]
[Date "2023.05.06"]
[Round "3"]
[White "Caro Martinez, Ramon"]
[Black "Ponsa Asensio, Ramon"]
[Result "1/2-1/2"]
[WhiteElo "1674"]
[BlackElo "1519"]
[PlyCount "176"]
[EventDate "2023.04.22"]
[EventType "swiss"]
[EventRounds "9"]
[EventCountry "ESP"]
[SourceTitle "EXT 2024"]
[Source "ChessBase"]
[SourceDate "2023.10.10"]
[SourceVersion "1"]
[SourceVersionDate "2023.10.10"]
[SourceQuality "1"]

1. d4 d5 2. Nf3 c5 3. e3 Nf6 4. c4 cxd4 5. exd4 Nc6 6. b3 Bf5 7. a3 g6 8. Nc3 Bg7 9. Bd3 Bxd3 10. Qxd3 0-0 11. 0-0 e6 12. Bg5 a6 13. cxd5 exd5 14. Ne5 Qd6 15. Rfe1 Nd7 16. Nxc6 Qxc6 17. Rac1 Rfe8 18. h3 Qd6 19. b4 Re6 20. Rxe6 Qxe6 21. Qd2 Rc8 22. Re1 Qc6 23. Re3 Nf8 24. Rd3 Ne6 25. Be3 Nc7 26. Ne2 Na8 27. Rc3 Qd7 28. Qc1 Nb6 29. Nf4 Nc4 30. Nd3 Re8 31. Nc5 Qc6 32. Nb3 Qa4 33. Nc5 Qb5 34. Qd1 b6 35. Nb3 Nxa3 36. Qc1 Nc4 37. Nd2 Rc8 38. Qb1 a5 39. bxa5 Qxa5 40. Rc1 b5 41. Qb3 Qb6 42. Qd3 Ra8 43. Nxc4 bxc4 44. Qb1 Rb8 45. Qa1 h6 46. Kf1 g5 47. Ke1 f5 48. Rd1 Qb4+ 49. Bd2 Qb2 50. Qa5 Qb5 51. Bc3 Bf8 52. Kf1 Qxa5 53. Bxa5 Rb5 54. Bd2 Bb4 55. Be1 Bxe1 56. Kxe1 Rb4 57. Ke2 Kf7 58. Ra1 c3 59. Rc1 Rxd4 60. Rxc3 Ke6 61. Rc6+ Ke5 62. Rxh6 Re4+ 63. Kd2 Kd4 64. Rh5 g4 65. Rxf5 gxh3 66. gxh3 Rh4 67. Rf3 Ke4 68. Ke2 Kd4 69. Rg3 Kc5 70. Rc3+ Kd4 71. Ra3 Ke5 72. Kf1 d4 73. Kg2 Ke4 74. Kg3 Rh8 75. f3+ Kd5 76. Kg2 Rg8+ 77. Kf2 Kc4 78. f4 Rf8 79. Rf3 Re8 80. Rg3 d3 81. Rg1 d2 82. f5 Kc3 83. f6 Rf8 84. Ke2 Rxf6 85. Kd1 Rf3 86. Rh1 Rf6 87. Rg1 Rf3 88. Rh1 Rf6 1/2-1/2

[Event "Foment Martinenc op-B 23rd"]
[Site "Barcelona"]
[Date "2023.04.22"]
[Round "1"]
[White "Caro Martinez, Ramon"]
[Black "Munoz Prior, Marcelo"]
[Result "1-0"]
[WhiteElo "1674"]
[BlackElo "1435"]
[PlyCount "85"]
[EventDate "2023.04.22"]
[EventType "swiss"]
[EventRounds "9"]
[EventCountry "ESP"]
[SourceTitle "EXT 2024"]
[Source "ChessBase"]
[SourceDate "2023.10.10"]
[SourceVersion "1"]
[SourceVersionDate "2023.10.10"]
[SourceQuality "1"]

1. Nf3 Nf6 2. d4 d5 3. e3 e6 4. Bd3 c5 5. c4 dxc4 6. Bxc4 a6 7. 0-0 b5 8. Bd3 Bb7 9. Nbd2 Nbd7 10. b3 Rc8 11. Bb2 Be7 12. Rc1 Qa5 13. a4 0-0 14. Ra1 Qb6 15. Qe2 Bc6 16. axb5 axb5 17. Rfc1 Qb7 18. e4 Rfd8 19. Ne5 Nxe5 20. dxe5 Nd7 21. Bc3 Bg5 22. Rd1 Ra8 23. Nf3 Bh6 24. h4 b4 25. Bb2 c4 26. Bxc4 Nc5 27. Rxd8+ Rxd8 28. Bd4 Qe7 29. Qe1 Nxe4 30. Ra6 Ba8 31. Rxa8 Rxa8 32. Qxe4 Rb8 33. Qc6 Qb7 34. Qd6 g6 35. Bb2 Bf8 36. Qd3 Qc7 37. Ng5 Rd8 38. Qf3 Rd2 39. Bc1 Rc2 40. Bf4 Bc5 41. Qa8+ Bf8 42. Ne4 Kg7 43. Bh6+ 1-0

[Event "Palma de Mallorca op"]
[Site "Palma de Mallorca"]
[Date "2021.11.25"]
[Round "4"]
[White "Caro Martinez, Ramon"]
[Black "Abadia Pascual, Luis"]
[Result "0-1"]
[WhiteElo "1673"]
[BlackElo "1776"]
[PlyCount "52"]
[EventDate "2021.11.22"]
[EventType "swiss"]
[EventRounds "7"]
[EventCountry "ESP"]
[SourceTitle "CBM 205 Extra"]
[Source "ChessBase"]
[SourceDate "2022.01.31"]
[SourceVersion "1"]
[SourceVersionDate "2022.01.31"]
[SourceQuality "1"]

1. d4 Nf6 2. Nf3 c5 3. e3 cxd4 4. exd4 d5 5. Bd3 Nc6 6. b3 Bg4 7. Bb2 e6 8. 0-0 Bd6 9. Nbd2 0-0 10. h3 Bh5 11. a3 Qb6 12. Be2 Rac8 13. c4 Bb8 14. c5 Qc7 15. Rc1 Ne4 16. Ne5 Bxe2 17. Qxe2 f6 18. Nxe4 dxe4 19. f4 fxe5 20. Qxe4 exd4 21. Qxe6+ Qf7 22. Qg4 Qxb3 23. Ba1 Qe3+ 24. Kh1 Bxf4 25. Rb1 Qg3 26. Qxg3 Bxg3 0-1

[Event "Palma de Mallorca op"]
[Site "Palma de Mallorca"]
[Date "2021.11.22"]
[Round "1"]
[White "Mueller, Reinhard"]
[Black "Caro Martinez, Ramon"]
[Result "0-1"]
[WhiteElo "2109"]
[BlackElo "1673"]
[PlyCount "82"]
[EventDate "2021.11.22"]
[EventType "swiss"]
[EventRounds "7"]
[EventCountry "ESP"]
[SourceTitle "CBM 205 Extra"]
[Source "ChessBase"]
[SourceDate "2022.01.31"]
[SourceVersion "1"]
[SourceVersionDate "2022.01.31"]
[SourceQuality "1"]

1. f4 d6 2. Nf3 Nf6 3. Nc3 Bg4 4. e4 e5 5. h3 Bxf3 6. Qxf3 Be7 7. Bc4 Nc6 8. Bb5 a6 9. Bxc6+ bxc6 10. d3 Rb8 11. 0-0 0-0 12. Rb1 h6 13. fxe5 dxe5 14. Qg3 Bc5+ 15. Kh1 Qd6 16. Qf3 Nh7 17. Ne2 Qg6 18. Ng3 Ng5 19. Bxg5 Qxg5 20. Nf5 Rbe8 21. Qe2 Re6 22. Rf3 Rg6 23. b4 Bd6 24. Rg3 Qd8 25. Rf3 a5 26. bxa5 Qa8 27. Qd2 Rb8 28. Rbf1 f6 29. a4 Kh8 30. Nxd6 cxd6 31. d4 Qb7 32. Rb3 Qa7 33. Rfb1 Rxb3 34. cxb3 exd4 35. b4 Rg3 36. b5 cxb5 37. axb5 Qb7 38. Qxd4 Ra3 39. Qxd6 Qxe4 40. Rg1 Rxh3+ 41. Qh2 Rxh2+ 0-1

[Event "Foment Martinenc op-B 21st"]
[Site "Barcelona"]
[Date "2019.06.15"]
[Round "8"]
[White "Fernandez Lopez, Isabel"]
[Black "Caro Martinez, Ramon"]
[Result "0-1"]
[WhiteElo "1539"]
[BlackElo "1740"]
[PlyCount "94"]
[EventDate "2019.04.27"]
[EventType "swiss"]
[EventRounds "9"]
[EventCountry "ESP"]
[SourceTitle "EXT 2020"]
[Source "ChessBase"]
[SourceDate "2019.10.17"]
[SourceVersion "1"]
[SourceVersionDate "2019.10.17"]
[SourceQuality "1"]

1. e4 d6 2. d4 Nf6 3. Nc3 c6 4. Nf3 g6 5. Be3 Bg7 6. Qd2 b5 7. Bd3 a5 8. h3 Ba6 9. 0-0 Nbd7 10. Bh6 0-0 11. Bxg7 Kxg7 12. e5 dxe5 13. dxe5 Ne8 14. Rfe1 Nc5 15. Rad1 Nxd3 16. cxd3 Nc7 17. Re4 Rh8 18. d4 b4 19. Ne2 Bxe2 20. Rxe2 Qd5 21. b3 Nb5 22. Rc1 Nc3 23. Re3 e6 24. Rexc3 bxc3 25. Rxc3 Rhc8 26. Rc5 Qd8 27. Qc3 Qb6 28. Nd2 Qb4 29. Ne4 Qxc3 30. Rxc3 a4 31. b4 a3 32. Nd6 Rcb8 33. Rb3 Ra4 34. b5 cxb5 35. Rxb5 Rxb5 36. Nxb5 Ra5 37. Nc3 f6 38. f4 Ra8 39. Kf1 Rc8 40. Nb5 Rc1+ 41. Kf2 Rc2+ 42. Kg3 fxe5 43. dxe5 Rxa2 44. Kh4 Ra1 45. Nc3 Rc1 46. Na2 Rc2 47. Nb4 Rxg2 0-1

[Event "Foment Martinenc op-B 21st"]
[Site "Barcelona"]
[Date "2019.06.08"]
[Round "7"]
[White "Caro Martinez, Ramon"]
[Black "Munoz Prior, Marcelo"]
[Result "1-0"]
[WhiteElo "1740"]
[BlackElo "1427"]
[PlyCount "79"]
[EventDate "2019.04.27"]
[EventType "swiss"]
[EventRounds "9"]
[EventCountry "ESP"]
[SourceTitle "EXT 2020"]
[Source "ChessBase"]
[SourceDate "2019.10.17"]
[SourceVersion "1"]
[SourceVersionDate "2019.10.17"]
[SourceQuality "1"]

1. Nf3 Nf6 2. d4 g6 3. Bg5 Bg7 4. Nc3 h6 5. Bf4 d6 6. e4 Nbd7 7. e5 Nh5 8. Qd2 Nxf4 9. Qxf4 dxe5 10. Nxe5 Nxe5 11. dxe5 e6 12. Rd1 Qe7 13. Bd3 Qc5 14. 0-0 Qxe5 15. Qa4+ Kf8 16. Rfe1 Qd4 17. Qa3+ Qd6 18. Qb3 Qb6 19. Qa3+ Qd6 20. Qa4 Qd4 21. Bc4 Qc5 22. Rd5 Qe7 23. Qb3 c6 24. Rdd1 b5 25. Bd3 e5 26. Ne4 a5 27. Bf1 Be6 28. Qc3 f5 29. Ng3 Bd5 30. Bxb5 e4 31. Qd2 Qc5 32. Be2 Re8 33. c4 e3 34. fxe3 Rxe3 35. Kh1 Bxc4 36. Bxc4 Rxe1+ 37. Rxe1 Qxc4 38. Qd8+ Kf7 39. Re7+ Kf6 40. Re8+ 1-0

[Event "Foment Martinenc op-B 21st"]
[Site "Barcelona"]
[Date "2019.05.18"]
[Round "4"]
[White "Benavides Castellano, Nitai"]
[Black "Caro Martinez, Ramon"]
[Result "1-0"]
[WhiteElo "1430"]
[BlackElo "1740"]
[PlyCount "93"]
[EventDate "2019.04.27"]
[EventType "swiss"]
[EventRounds "9"]
[EventCountry "ESP"]
[SourceTitle "EXT 2020"]
[Source "ChessBase"]
[SourceDate "2019.10.17"]
[SourceVersion "1"]
[SourceVersionDate "2019.10.17"]
[SourceQuality "1"]

1. e4 d6 2. d4 Nf6 3. Nc3 c6 4. Nf3 g6 5. h3 Bg7 6. Be3 0-0 7. Be2 b5 8. a3 a5 9. 0-0 Bb7 10. d5 b4 11. dxc6 Bxc6 12. axb4 axb4 13. Rxa8 Bxa8 14. Nd5 Nxd5 15. exd5 Bxb2 16. Qb1 Bc3 17. Bh6 Re8 18. Bb5 Nd7 19. Qb3 Qc7 20. Nd2 Rb8 21. Bxd7 Qxd7 22. Ne4 Rc8 23. Nxc3 bxc3 24. Re1 Qb7 25. Qxb7 Bxb7 26. Rxe7 Bxd5 27. f3 Be6 28. g4 Bd5 29. Kf2 Bc6 30. Ra7 d5 31. Be3 Bb5 32. Ra5 Bc4 33. Ra3 Bb5 34. Bd4 Re8 35. Rxc3 Re2+ 36. Kg3 Bc4 37. Ra3 f5 38. gxf5 gxf5 39. Ra8+ Kf7 40. Ra7+ Kg6 41. Rg7+ Kh6 42. Kf4 Ba2 43. Rg5 Re7 44. Bf6 Rf7 45. Kxf5 d4 46. Rg4 Bb1 47. Rh4# 1-0

[Event "Catalunya-chT GpA final"]
[Site "Barcelona"]
[Date "2019.03.23"]
[Round "2.10"]
[White "Caro Martinez, Ramon"]
[Black "Rodriguez Marcos, Jose Ramon"]
[Result "1-0"]
[WhiteElo "1754"]
[BlackElo "1878"]
[PlyCount "75"]
[EventDate "2019.03.16"]
[EventType "team-tourn"]
[EventRounds "3"]
[EventCountry "ESP"]
[SourceTitle "CBM 189 Extra"]
[Source "ChessBase"]
[SourceDate "2019.06.03"]
[SourceVersion "1"]
[SourceVersionDate "2019.06.03"]
[SourceQuality "1"]
[WhiteTeam "Mollet"]
[BlackTeam "Salou Escola Escacs"]
[WhiteTeamCountry "ESP"]
[BlackTeamCountry "ESP"]

1. d4 Nf6 2. Nf3 e6 3. e3 c5 4. c4 d5 5. b3 Nc6 6. Bd3 dxc4 7. bxc4 cxd4 8. e4 Bb4+ 9. Nbd2 Bc3 10. Rb1 Nb4 11. Rxb4 Bxb4 12. Qa4+ Nd7 13. Qxb4 e5 14. Ba3 Qf6 15. 0-0 b6 16. Nb3 Bb7 17. Rc1 a5 18. Qe1 a4 19. Nbd2 Nc5 20. Bc2 0-0 21. Rb1 Rfb8 22. Bxc5 bxc5 23. Rb5 Qd6 24. Qb1 Bc6 25. Rxb8+ Rxb8 26. Qd1 Ra8 27. Nb1 Qb8 28. Qc1 f6 29. h3 Qb7 30. Nbd2 Qb4 31. a3 Qc3 32. Nb1 Qxc4 33. Nfd2 Qb5 34. Kh2 Rb8 35. Bd1 c4 36. Be2 d3 37. Bf1 Kh8 38. Nc3 1-0

[Event "Catalunya-chT GpA final"]
[Site "Barcelona"]
[Date "2019.03.16"]
[Round "1.10"]
[White "Barcelo Sola, David"]
[Black "Caro Martinez, Ramon"]
[Result "1-0"]
[WhiteElo "1991"]
[BlackElo "1754"]
[PlyCount "27"]
[EventDate "2019.03.16"]
[EventType "team-tourn"]
[EventRounds "3"]
[EventCountry "ESP"]
[SourceTitle "CBM 189 Extra"]
[Source "ChessBase"]
[SourceDate "2019.06.03"]
[SourceVersion "1"]
[SourceVersionDate "2019.06.03"]
[SourceQuality "1"]
[WhiteTeam "Sant Josep de Badalona"]
[BlackTeam "Mollet"]
[WhiteTeamCountry "ESP"]
[BlackTeamCountry "ESP"]

1. e4 c6 2. d4 d5 3. f3 dxe4 4. fxe4 e5 5. Nf3 Bg4 6. Bc4 Nf6 7. Bxf7+ Ke7 8. Bb3 Bxf3 9. Qxf3 Qxd4 10. Nc3 Na6 11. Be3 Qd7 12. Bg5 h6 13. Rd1 Qe8 14. Qf5 1-0

[Event "Sabadell Coral Colon op 13th"]
[Site "Sabadell"]
[Date "2019.03.01"]
[Round "2"]
[White "Bernado Lopez, Roger"]
[Black "Caro Martinez, Ramon"]
[Result "1-0"]
[WhiteElo "1936"]
[BlackElo "1754"]
[PlyCount "73"]
[EventDate "2019.02.22"]
[EventType "swiss"]
[EventRounds "8"]
[EventCountry "ESP"]
[SourceTitle "CBM 190 Extra"]
[Source "ChessBase"]
[SourceDate "2019.07.15"]
[SourceVersion "1"]
[SourceVersionDate "2019.07.15"]
[SourceQuality "1"]

1. e4 d6 2. d4 Nf6 3. Nc3 g6 4. f4 Bg7 5. Nf3 0-0 6. Bd3 Nc6 7. e5 dxe5 8. fxe5 Nd5 9. Nxd5 Qxd5 10. c3 Bg4 11. 0-0 Rad8 12. h3 Bxf3 13. Qxf3 Qxf3 14. Rxf3 f6 15. exf6 exf6 16. Bf4 Rd7 17. Re1 a6 18. Rfe3 g5 19. Bh2 f5 20. d5 Nb8 21. Re7 f4 22. Bc4 b5 23. Bb3 Kh8 24. Kh1 a5 25. a3 b4 26. axb4 axb4 27. cxb4 Rxe7 28. Rxe7 Na6 29. Bg1 Nxb4 30. Rxc7 Bxb2 31. Bc5 Rb8 32. Bc4 Be5 33. Re7 Nc6 34. dxc6 Rb1+ 35. Kh2 g4 36. hxg4 Bf6 37. c7 1-0

[Event "Mollet del Valles op 4th"]
[Site "Mollet del Valles"]
[Date "2016.11.25"]
[Round "9"]
[White "Caro Martinez, Ramon"]
[Black "Valldeoriola Puigdoller, Agusti"]
[Result "0-1"]
[WhiteElo "1712"]
[BlackElo "1977"]
[PlyCount "134"]
[EventDate "2016.09.30"]
[EventType "swiss"]
[EventRounds "9"]
[EventCountry "ESP"]
[SourceTitle "EXT 2018"]
[Source "ChessBase"]
[SourceDate "2017.10.13"]
[SourceVersion "1"]
[SourceVersionDate "2017.10.13"]
[SourceQuality "1"]

1. d4 f5 2. Bg5 Nf6 3. Nc3 e6 4. d5 e5 5. e4 f4 6. Nf3 d6 7. Bb5+ Bd7 8. Qe2 a6 9. Bxf6 Qxf6 10. Bd3 Bg4 11. h3 Bh5 12. 0-0-0 Nd7 13. Rdf1 g6 14. g4 fxg3 15. fxg3 Bh6+ 16. Kb1 Bxf3 17. Rxf3 Qg7 18. Rhf1 Rf8 19. Rxf8+ Nxf8 20. Qg4 Rd8 21. h4 Qd7 22. Qf3 Qe7 23. Nd1 Nd7 24. Nf2 Qf8 25. Qg4 Nf6 26. Qh3 Qe7 27. Be2 Bg7 28. h5 c6 29. c4 cxd5 30. cxd5 Qd7 31. Qh4 Rc8 32. Nd3 Qa4 33. Rc1 Rxc1+ 34. Kxc1 Bh6+ 35. Kb1 Nxe4 36. Qh3 Nd2+ 37. Ka1 Nb3+ 38. Kb1 Nd4 39. Qc8+ Ke7 40. Qc7+ Qd7 41. Qxd7+ Kxd7 42. Bg4+ Kc7 43. Nf2 gxh5 44. Bxh5 Nf5 45. Ne4 Be3 46. g4 Ne7 47. Bf7 h6 48. Kc2 b5 49. Kd3 Bf4 50. b3 Nc8 51. Kc3 a5 52. a3 Bc1 53. a4 bxa4 54. bxa4 Nb6 55. Kc2 Be3 56. Nc3 Bc5 57. Nb5+ Kd8 58. Kb3 Ke7 59. Be6 e4 60. Nc3 e3 61. Ne2 Kf6 62. Bg8 Ke5 63. Nc3 Bb4 64. Ne2 Nxd5 65. Bxd5 Kxd5 66. Kc2 Ke4 67. Ng3+ Kf3 0-1

[Event "Sant Boi Lorente Memorial 7th"]
[Site "Sant Boi de Llobregat"]
[Date "2016.06.19"]
[Round "1"]
[White "Caro Martinez, Ramon"]
[Black "Cruz, Jonathan"]
[Result "0-1"]
[WhiteElo "1738"]
[BlackElo "2448"]
[PlyCount "32"]
[EventDate "2016.06.19"]
[EventType "swiss (rapid)"]
[EventRounds "9"]
[EventCountry "ESP"]
[SourceTitle "CBM 173 Extra"]
[Source "ChessBase"]
[SourceDate "2016.08.29"]
[SourceVersion "1"]
[SourceVersionDate "2016.08.29"]
[SourceQuality "1"]

1. d4 Nf6 2. Nf3 g6 3. Bg5 Bg7 4. Nc3 d5 5. Qd2 Ne4 6. Qd3 Nxg5 7. Nxg5 e5 8. h4 exd4 9. Qf3 0-0 10. Nxd5 c6 11. Nf4 Qa5+ 12. Kd1 Nd7 13. Nd3 Ne5 14. Qg3 Nc4 15. b4 Qa3 16. h5 Qc3 0-1

[Event "Roncana op-A 9th"]
[Site "Santa Eulalia de Roncana"]
[Date "2015.10.24"]
[Round "3"]
[White "Caro Martinez, Ramon"]
[Black "Barea Serra, Josep"]
[Result "1-0"]
[WhiteElo "1954"]
[BlackElo "1921"]
[PlyCount "87"]
[EventDate "2015.10.03"]
[EventType "swiss"]
[EventRounds "8"]
[EventCountry "ESP"]
[SourceTitle "EXT 2017"]
[Source "ChessBase"]
[SourceDate "2016.10.25"]
[SourceVersion "1"]
[SourceVersionDate "2016.10.25"]
[SourceQuality "1"]

1. d4 Nf6 2. Nf3 d6 3. e3 g6 4. Nc3 Bg7 5. b3 Bg4 6. Bb2 0-0 7. Be2 Nbd7 8. h3 Bxf3 9. Bxf3 c6 10. Qd2 e5 11. 0-0-0 d5 12. g4 e4 13. Be2 Nb6 14. f4 Nfd7 15. Rdg1 a5 16. h4 Qe7 17. h5 a4 18. f5 axb3 19. cxb3 f6 20. Qe1 Kf7 21. hxg6+ hxg6 22. Rh7 Rh8 23. Rgh1 Rxh7 24. Rxh7 Rh8 25. Qh4 Qf8 26. Qh6 Rxh7 27. Qxh7 Qh8 28. Qxh8 Bxh8 29. a4 Nb8 30. Ba3 Kg7 31. fxg6 Kxg6 32. a5 N6d7 33. Na4 Kf7 34. Kc2 Bg7 35. Bc5 Na6 36. Ba3 Bh8 37. Bf1 Bg7 38. Nb6 Nxb6 39. Bxa6 Nc8 40. Bxb7 Ne7 41. Bxe7 Kxe7 42. a6 f5 43. gxf5 Bxd4 44. exd4 1-0

[Event "Roncana op-A 9th"]
[Site "Santa Eulalia de Roncana"]
[Date "2015.10.03"]
[Round "1"]
[White "Caro Martinez, Ramon"]
[Black "Morais Carreras, Javier"]
[Result "0-1"]
[WhiteElo "1954"]
[BlackElo "2098"]
[PlyCount "78"]
[EventDate "2015.10.03"]
[EventType "swiss"]
[EventRounds "8"]
[EventCountry "ESP"]
[SourceTitle "EXT 2017"]
[Source "ChessBase"]
[SourceDate "2016.10.25"]
[SourceVersion "1"]
[SourceVersionDate "2016.10.25"]
[SourceQuality "1"]

1. d4 d5 2. Nf3 Nf6 3. e3 e6 4. c4 c6 5. b3 Nbd7 6. Bb2 Bd6 7. Nbd2 0-0 8. Bd3 b6 9. Ne5 Bb7 10. 0-0 c5 11. f4 cxd4 12. exd4 dxc4 13. bxc4 Re8 14. Qe2 Bf8 15. Ndf3 Bxf3 16. Qxf3 g6 17. Rac1 Bg7 18. Nc6 Qc7 19. d5 Nc5 20. Bb1 Rac8 21. Be5 Qd7 22. Qc3 exd5 23. cxd5 Nxd5 24. Qb2 f6 25. Bxf6 Bxf6 26. Ne5 Qg7 27. Qd4 Rcd8 28. Rfe1 Kh8 29. Nxg6+ hxg6 30. Rxe8+ Rxe8 31. Qxd5 Rd8 32. Qf3 Bd4+ 33. Kf1 Rf8 34. a4 Qh6 35. g3 Qh3+ 36. Ke1 Re8+ 37. Kd1 Qxh2 38. Bxg6 Rd8 39. Bf5 Bc3+ 0-1

[Event "Barcelona Sant Marti op-B 17th"]
[Site "Barcelona"]
[Date "2015.07.21"]
[Round "9"]
[White "Caro Martinez, Ramon"]
[Black "Bernat Pascual, Magi"]
[Result "1-0"]
[WhiteElo "1969"]
[BlackElo "1850"]
[PlyCount "61"]
[EventDate "2015.07.13"]
[EventType "swiss"]
[EventRounds "9"]
[EventCountry "ESP"]
[SourceTitle "EXT 2016"]
[Source "ChessBase"]
[SourceDate "2015.10.08"]
[SourceVersion "1"]
[SourceVersionDate "2015.10.08"]
[SourceQuality "1"]

1. d4 d5 2. Nf3 c6 3. e3 Nf6 4. c4 e6 5. Bd3 Nbd7 6. b3 Bd6 7. Bb2 0-0 8. 0-0 c5 9. Nc3 Nb6 10. Nb5 Be7 11. a3 Bd7 12. dxc5 Bxc5 13. Rc1 Be7 14. c5 Bxb5 15. Bxb5 Nbd7 16. b4 a5 17. Qd4 axb4 18. Bxd7 Qxd7 19. axb4 Rfc8 20. Ra1 Qb5 21. Ne5 Bf8 22. f4 h6 23. f5 exf5 24. Rxf5 Rxa1+ 25. Bxa1 Qe2 26. Rf2 Qe1+ 27. Rf1 Qe2 28. Nxf7 Kh7 29. Qf4 Qh5 30. Bxf6 Qxf7 31. Qf5+ 1-0

[Event "Barcelona Sant Marti op-B 17th"]
[Site "Barcelona"]
[Date "2015.07.15"]
[Round "3"]
[White "Caro Martinez, Ramon"]
[Black "Centelles Vivas, Aleix"]
[Result "1/2-1/2"]
[WhiteElo "1969"]
[BlackElo "2034"]
[PlyCount "69"]
[EventDate "2015.07.13"]
[EventType "swiss"]
[EventRounds "9"]
[EventCountry "ESP"]
[SourceTitle "EXT 2016"]
[Source "ChessBase"]
[SourceDate "2015.10.08"]
[SourceVersion "1"]
[SourceVersionDate "2015.10.08"]
[SourceQuality "1"]

1. d4 e6 2. e3 f5 3. e4 fxe4 4. Qh5+ g6 5. Qe5 Nf6 6. Bg5 Bg7 7. c3 0-0 8. Nd2 d5 9. f3 h6 10. Bf4 Ne8 11. Bg5 hxg5 12. Qg3 e3 13. Nb3 c6 14. Bd3 Qf6 15. Ne2 Nd7 16. 0-0-0 e5 17. h4 g4 18. Rdf1 Qe6 19. h5 gxh5 20. Rxh5 Nef6 21. Bf5 Qe7 22. Rg5 Nh7 23. Bxh7+ Kxh7 24. Rh1+ Kg8 25. Qh4 Qf6 26. Qh7+ Kf7 27. Rf5 Rh8 28. Rxf6+ Nxf6 29. Qxh8 Bxh8 30. Rxh8 gxf3 31. gxf3 e4 32. fxe4 Nxe4 33. Nc5 Nxc5 34. dxc5 Kf6 35. Re8 1/2-1/2

[Event "Llinars del Valles op-B 8th"]
[Site "Llinars del Valles"]
[Date "2014.06.07"]
[Round "6"]
[White "Caro Martinez, Ramon"]
[Black "Ridao Gimeno, Oscar"]
[Result "1-0"]
[WhiteElo "1993"]
[BlackElo "1826"]
[PlyCount "37"]
[EventDate "2014.04.26"]
[EventType "swiss"]
[EventRounds "8"]
[EventCountry "ESP"]
[SourceTitle "EXT 2015"]
[Source "ChessBase"]
[SourceDate "2014.11.20"]
[SourceVersion "1"]
[SourceVersionDate "2014.11.20"]
[SourceQuality "1"]

1. d4 d5 2. e3 Nf6 3. c4 e6 4. Nf3 c6 5. b3 Nbd7 6. Bd3 Bd6 7. Bb2 0-0 8. Ne5 Nxe5 9. dxe5 Bb4+ 10. Nd2 Nd7 11. 0-0 f6 12. Nf3 fxe5 13. Nxe5 Bd6 14. Bxh7+ Kh8 15. Qh5 Rf6 16. Ng6+ Rxg6 17. Bxg6+ Kg8 18. Qh7+ Kf8 19. Qxg7# 1-0

[Event "Llinars del Valles op-B 8th"]
[Site "Llinars del Valles"]
[Date "2014.05.10"]
[Round "3"]
[White "Bonals Roca, Anna"]
[Black "Caro Martinez, Ramon"]
[Result "0-1"]
[WhiteElo "1700"]
[BlackElo "1993"]
[PlyCount "30"]
[EventDate "2014.04.26"]
[EventType "swiss"]
[EventRounds "8"]
[EventCountry "ESP"]
[SourceTitle "EXT 2015"]
[Source "ChessBase"]
[SourceDate "2014.11.20"]
[SourceVersion "1"]
[SourceVersionDate "2014.11.20"]
[SourceQuality "1"]

1. e4 g6 2. Nf3 d6 3. Bc4 Bg7 4. c3 Nf6 5. Nd4 Nxe4 6. Qe2 Nf6 7. 0-0 0-0 8. a3 e5 9. Nf3 Bg4 10. Qe3 d5 11. Nxe5 dxc4 12. Nxg4 Nxg4 13. Qg3 Qd7 14. a4 Be5 15. Qh4 Bxh2+ 0-1

[Event "Llinars del Valles op-B 8th"]
[Site "Llinars del Valles"]
[Date "2014.05.03"]
[Round "2"]
[White "Caro Martinez, Ramon"]
[Black "Puig Vila, Esteve"]
[Result "0-1"]
[WhiteElo "1993"]
[BlackElo "1757"]
[PlyCount "106"]
[EventDate "2014.04.26"]
[EventType "swiss"]
[EventRounds "8"]
[EventCountry "ESP"]
[SourceTitle "EXT 2015"]
[Source "ChessBase"]
[SourceDate "2014.11.20"]
[SourceVersion "1"]
[SourceVersionDate "2014.11.20"]
[SourceQuality "1"]

1. e4 e5 2. Nf3 Nc6 3. c3 Nf6 4. Qc2 d5 5. exd5 Qxd5 6. d3 Be7 7. Be2 Bf5 8. Bg5 Rd8 9. Bxf6 Bxf6 10. c4 Qd7 11. 0-0 Bxd3 12. Qd2 Bxe2 13. Qxe2 0-0 14. Nc3 Nd4 15. Nxd4 exd4 16. Nd5 Qd6 17. Qe4 c6 18. Nxf6+ Qxf6 19. Rad1 Rfe8 20. Qd3 c5 21. Qa3 Qb6 22. Rd3 a6 23. Rh3 Rd6 24. Qd3 Rh6 25. Rf3 Qe6 26. b3 Qe2 27. Qf5 Rf6 28. Qd7 Rxf3 29. gxf3 Qe7 30. Qf5 Qd6 31. Kh1 g6 32. Qd3 Qe5 33. Kg2 Qd6 34. Rd1 Qe5 35. a3 Qe2 36. b4 b6 37. bxc5 bxc5 38. Qxe2 Rxe2 39. Rd3 Rc2 40. Kf1 f5 41. Rb3 Rxc4 42. Ke2 Kg7 43. Rb7+ Kh6 44. Rc7 Rc3 45. a4 c4 46. Rc5 Rc2+ 47. Ke1 d3 48. Rd5 Ra2 49. Rd4 Rxa4 50. Kd2 Ra2+ 51. Ke3 Re2+ 52. Kf4 d2 53. Kg3 c3 0-1